"What are human beings that you remember them?" : (Record no. 25276)

MARC details
000 -LEADER
fixed length control field 03532nam a2200481Ii 4500
001 - CONTROL NUMBER
control field 1002637766
003 - CONTROL NUMBER IDENTIFIER
control field AUA.1
005 - DATE AND TIME OF LATEST TRANSACTION
control field 20251121081228.0
008 - FIXED-LENGTH DATA ELEMENTS--GENERAL INFORMATION
fixed length control field 170901s2015 mdu b 000 0 eng d
020 ## - INTERNATIONAL STANDARD BOOK NUMBER
International Standard Book Number 9780925675279
020 ## - INTERNATIONAL STANDARD BOOK NUMBER
International Standard Book Number 092567527X
035 ## - SYSTEM CONTROL NUMBER
System control number (OCoLC)1002637766
040 ## - CATALOGING SOURCE
Original cataloging agency EXN
Language of cataloging eng
Transcribing agency EXN
050 ## - LIBRARY OF CONGRESS CALL NUMBER
Classification number BS661
Item number .B53 2015
111 2# - MAIN ENTRY--MEETING NAME
Meeting name or jurisdiction name as entry element Bible Research Institute International Bible Conference
Date of meeting (2012 :
Location of meeting Nof Ginosar and Jerusalem.)
245 01 - TITLE STATEMENT
Title "What are human beings that you remember them?" :
Remainder of title proceedings of the third International Bible Conference, Nof Ginosar and Jerusalem, June 11-21, 2012 /
Statement of responsibility, etc Clinton Wahlen, editor.
246 10 - VARYING FORM OF TITLE
Title proper/short title Proceedings of the third International Bible Conference, Nof Ginosar and Jerusalem, June 11-21, 2012.
260 ## - PUBLICATION, DISTRIBUTION, ETC. (IMPRINT)
Place of publication, distribution, etc Silver Spring, MD :
Name of publisher, distributor, etc Biblical Research Institute :
-- Review and Herald Publishing Association;
Date of publication, distribution, etc c2015.
300 ## - PHYSICAL DESCRIPTION
Extent xiv, 340 pages ;
Dimensions 23 cm.
504 ## - BIBLIOGRAPHY, ETC. NOTE
Bibliography, etc Includes bibliographical references.
520 ## - SUMMARY, ETC.
Summary, etc What is the nature of human beings and their destiny? How should we understand the concepts of death and hell? Is the human being an indivisible entity or is there a soul that survives death? These important questions have been contemplated by great thinkers for millennia. In this collection of presentations given at the Third International Bible Conference at Nof Ginosar and in Jerusalem, June 11-21, 2012, Bible scholars from around the world address such important issues as the image of God in human beings, death and hell in Scripture and in contemporary Christian thought, as well as recent challenges to the biblical conception of human beings and their destiny. This latest contribution to the monism-dualism debate provides a vital resource for all who are interested in these important questions. -- back cover.
650 #0 - SUBJECT ADDED ENTRY--TOPICAL TERM
Topical term or geographic name as entry element Theological anthropology
General subdivision Biblical teaching.
650 #0 - SUBJECT ADDED ENTRY--TOPICAL TERM
Topical term or geographic name as entry element Human beings
General subdivision Religious aspects.
700 1# - ADDED ENTRY--PERSONAL NAME
Personal name Wahlen, Clinton,
Relator term editor.
700 12 - ADDED ENTRY--PERSONAL NAME
Personal name Stele, Artur A.
Title of a work Biblical Anthropology: introduction and challenges.
700 12 - ADDED ENTRY--PERSONAL NAME
Personal name Wahlen, Clinton.
Title of a work Biblical Anthropology: introduction and challenges.
700 12 - ADDED ENTRY--PERSONAL NAME
Personal name Davidson, Richard M.
Title of a work The nature of the human being from the beginning: Genesis 1-11.
700 12 - ADDED ENTRY--PERSONAL NAME
Personal name Gane, Roy E.
Title of a work The nature of the human being in Leviticus.
700 12 - ADDED ENTRY--PERSONAL NAME
Personal name Medina, Richard W.
Title of a work The nature of the human being in the book of Proverbs.
700 12 - ADDED ENTRY--PERSONAL NAME
Personal name Olariu, Daniel.
Title of a work The riddle of En-Dor: a rhetorical approach to 1 Samuel 28:3-25.
700 12 - ADDED ENTRY--PERSONAL NAME
Personal name Cortez, Félix H.
Title of a work Death and future hope in the Hebrew bible.
700 12 - ADDED ENTRY--PERSONAL NAME
Personal name Wahlen, Clinton.
Title of a work Greek Philosophy, Judaism, and Biblical anthropology.
700 12 - ADDED ENTRY--PERSONAL NAME
Personal name Mueller, Ekkehardt.
Title of a work The nature of the human being in the New Testament.
700 12 - ADDED ENTRY--PERSONAL NAME
Personal name Shepherd, Thomas R.
Title of a work Resurrection, Rebirth, and the human being in 1 and 2 Peter.
700 12 - ADDED ENTRY--PERSONAL NAME
Personal name Cortez, Félix H.
Title of a work Death and hell in the New Testament.
700 12 - ADDED ENTRY--PERSONAL NAME
Personal name Hasel, Frank M.
Title of a work The nature of the human being in Christian theology.
700 12 - ADDED ENTRY--PERSONAL NAME
Personal name Petersen, Paul B.
Title of a work "Unwholly" relationships: unity in a biblical ontology.
700 12 - ADDED ENTRY--PERSONAL NAME
Personal name Donkor, Kwabena.
Title of a work Understanding spiritualistic influences from culture.
700 12 - ADDED ENTRY--PERSONAL NAME
Personal name Gayoba, Francisco D.
Title of a work Biblical anthropology and ministry in an age of spiritualism.
700 12 - ADDED ENTRY--PERSONAL NAME
Personal name Moskala, Jiří.
Title of a work Eternal punishment in hell and the immortality of the soul: overview of the current debate.
700 12 - ADDED ENTRY--PERSONAL NAME
Personal name Pollard, Leslie N.
Title of a work Visions of victory.
942 ## - ADDED ENTRY ELEMENTS (KOHA)
Source of classification or shelving scheme Library of Congress Classification
Koha item type Books
Classification part BS 661
Item part .B53 2015
Holdings
Withdrawn status Lost status Source of classification or shelving scheme Damaged status Not for loan Collection code Home library Current library Shelving location Date acquired Source of acquisition Cost, normal purchase price Serial Enumeration / chronology Total Checkouts Full call number Barcode Date last seen Cost, replacement price Price effective from Koha item type
    Library of Congress Classification     Books Judith Thomas Library Judith Thomas Library General Stacks 21/11/2025 Bought by JTL 10.00 AUA28026   BS 661 .B53 2015 AUA28026 21/11/2025 10.00 21/11/2025 Books